000 00490nam a2200145 a 4500
001 000031071
005 20200930062703.0
008 110613s1925 dr 000 0 spa d
040 _aDO-SdBNP
_bspa
_cBNPHU
100 1 _aRegalado, D. A.
_957552
245 1 0 _aHistoria de mi martirio en la Torre del Homenaje :
_ba través de la ocupación militar Norte-Americana /
_cD. A. Regalado.
260 _aSanto Domingo :
_bImpr. E. M Casanova N.,
_c1925.
300 _a12 p. ;
_c23 cm.
049 _aBNPD
999 _c30563
_d30563